| 000 | 01394nam a2200301Ia 4500 | ||
|---|---|---|---|
| 999 |
_c43996 _d43996 |
||
| 001 | 10746 | ||
| 003 | GE_BSU | ||
| 005 | 20231031110638.0 | ||
| 008 | 181216s2014||||ge |||||||||||||| ||eng|| | ||
| 020 | _a9789994058518 | ||
| 040 | _cGE_BSU | ||
| 041 | _ageo | ||
| 080 | _a615.8(075.8) უ–62 | ||
| 100 |
_aურუშაძე, ხათუნა. _920269 |
||
| 245 |
_aმასაჟი : _bსახელმძღვ. / _cხათუნა ურუშაძე; რედ.: მზია კანდელაკი, თამარ თავაძე; [საქ. აკუპუნქტურისტთა ასოციაცია]. |
||
| 250 | _aმეოთხე გამოცემა. | ||
| 264 |
_aთბილისი: _bივერიონი, _c2014. |
||
| 300 |
_a580 გვ.; _bილ., ცხრ., სქ. ; _c29 სმ. |
||
| 501 | _aდანართები: გვ. 542-575. | ||
| 504 | _aბიბლიოგრ.: გვ. 576. | ||
| 541 | _h68ლ. | ||
| 653 | _aმასაჟი | ||
| 653 | _aმედიცინა | ||
| 700 |
_aკანდელაკი, მ. (მზია) _eრედაქტორი _920270 |
||
| 700 |
_aთავაძე, თ. (თამარ) _eრედაქტორი _920271 |
||
| 710 |
_aსაქ. აკუპუნქტურისტთა ასოციაცია _920272 |
||
| 942 |
_cBK _2udc |
||